00721nam a2200241Ia 4500008004100000020001800041050001400059100003000073245003700103245012600140260001900266260001400285260000900299300001600308300002000324300001000344650001300354650004200367700001900409700002000428700002000448700001100468181129s9999 xx 000 0 und d a9781786071187 bS137 2006 aSaint Exupery, Antoine de 4aThe return of the young Prince / 0cby Antoine deSaint Exupery ; A. G. Roemmers ; illustrated by Pietari Posti ; translated from the Spanish by Oliver Brock. aNew York, NY : bOneworld, c2016 a157 pages : billustrations ; c19cm. aPrinces. aSaint-Exupery, Antoine de, 1900-1944. aBrock, Oliver. aPosti, Pietari. aRoemmers, A. G. aTitle.